000 003370000a22001090004500
100 1 _aBandoch, William V. Jr
245 1 0 _aThe end of the world as we know it? Is new technology rendering human labor obsolete?
300 _aVol. 47, Num 3 (Marzo, 1997), Páginas 158-159
700 1 _aBlock, Walter
773 0 _tThe Freeman
942 _cANA
999 _c56663
_d56663